Loading...

Post-Zionism, post-Holocaust: three essays on denial, forgetting and the delegitimation of Israel

Bibliografiske detaljer
Main Authors: Swirsky, Michael; Translator, Yakira, Elhanan; Author
Format: Printed Book
Udgivet: New York, Cambridge University Press 2010
Fag:
LEADER 009460000a22002650004500
020 |a 978-0-521-12786-8 
082 |a 320.540 956 94 Q0 
100 |a Swirsky, Michael; Translator 
100 |a Yakira, Elhanan; Author 
245 |a Post-Zionism, post-Holocaust: three essays on denial, forgetting and the delegitimation of Israel 
250
260 |a New York, Cambridge University Press  |e 2010 
260 |c 2010 
460 |a xiv, 342p 
465 |a USD85.00 
500 |a Elhanan Yakira; tr by Michael Swirsky 
500 |a Includes bibliographical references and index 
650 |a Arendt, Hannah 
650 |a Holocaust denial-France 
650 |a Holocaust, Jewish (1939-1945) 
650 |a Post-Zionism 
650 |a Zionism 
942 |c BK 
999 |c 47012  |d 47012 
952 |0 0  |1 0  |4 0  |6 320_540000000000000_956_94_Q0  |7 0  |8 ENG  |9 47744  |a MGUL  |b MGUL  |d 2013-07-16  |e USD85.00  |l 2  |o 320.540 956 94 Q0  |p 45301  |r 2017-09-27  |s 2017-09-14  |w 2013-07-16  |y BK